<?xml version="1.0" encoding="UTF-8"?>
<record
    xmlns:xsi="http://www.w3.org/2001/XMLSchema-instance"
    xsi:schemaLocation="http://www.loc.gov/MARC21/slim http://www.loc.gov/standards/marcxml/schema/MARC21slim.xsd"
    xmlns="http://www.loc.gov/MARC21/slim">

  <leader>00434nam a22001697a 4500</leader>
  <controlfield tag="003">UA-OsUOA</controlfield>
  <controlfield tag="001"> 6043 </controlfield>
  <controlfield tag="007">ta</controlfield>
  <controlfield tag="008">20050721b un ||||| |||| 00| 0 ukr d</controlfield>
  <datafield tag="100" ind1=" " ind2=" ">
    <subfield code="a">&#x428;&#x435;&#x432;&#x447;&#x443;&#x43A;</subfield>
  </datafield>
  <datafield tag="700" ind1=" " ind2=" ">
    <subfield code="a">&#x41B;. &#x412;.</subfield>
  </datafield>
  <datafield tag="942" ind1=" " ind2=" ">
    <subfield code="c">BK</subfield>
  </datafield>
  <datafield tag="040" ind1=" " ind2=" ">
    <subfield code="a">UA-OsUOA</subfield>
    <subfield code="c">UA-OsUOA</subfield>
    <subfield code="d">UA-OsUOA</subfield>
  </datafield>
  <datafield tag="245" ind1=" " ind2=" ">
    <subfield code="a">&#x421;&#x435;&#x43C;&#x430;&#x43D;&#x442;&#x438;&#x43A;&#x43E;-&#x43F;&#x440;&#x430;&#x433;&#x43C;&#x430;&#x442;&#x438;&#x447;&#x43D;&#x456; &#x43E;&#x441;&#x43E;&#x431;&#x43B;&#x438;&#x432;. &#x432;&#x435;&#x440;&#x431;&#x430;&#x43B;&#x44C;&#x43D;. &#x442;&#x430; &#x43D;&#x435;&#x432;&#x435;&#x440;.</subfield>
    <subfield code="b">SA Paper</subfield>
  </datafield>
  <datafield tag="955" ind1=" " ind2=" ">
    <subfield code="a">2</subfield>
  </datafield>
  <datafield tag="650" ind1=" " ind2="7">
    <subfield code="2">UDC</subfield>
  </datafield>
  <datafield tag="999" ind1=" " ind2=" ">
    <subfield code="c">292205</subfield>
    <subfield code="d">292205</subfield>
  </datafield>
</record>
